| 000 | 00901cab a2200277 4500 | ||
|---|---|---|---|
| 001 | ABS51319 | ||
| 008 | 090401t1994 xxu||||| |||| 00| 0 eng d | ||
| 035 | _a(Sirsi) u21752 | ||
| 041 | _aeng | ||
| 245 | _aAlternative land use | ||
| 260 | _c1994 | ||
| 300 | _aLOAN | ||
| 350 | _a0 | ||
| 490 |
_aFarm Development Review _v8(10) August 1994 (8) |
||
| 520 | _aIncludes articles on the consultation paper on alternative crops, use of land for archery, the Farm Business Development Centre in Oxfordshire, the revised Woodland Grant Scheme and the removal of VAT for barn conversions. | ||
| 650 | _aALTERNATIVE CROPS | ||
| 650 | _aBARN CONVERSION | ||
| 650 | _aCONSULTATION PAPER | ||
| 650 | _aFARM BUSINESS DEVELOPMENT CENTRE | ||
| 650 | _aSET-ASIDE | ||
| 650 | _aVALUE ADDED TAX | ||
| 650 | _aWOODLAND GRANT SCHEME | ||
| 690 | _aRURAL PRACTICE | ||
| 942 | _n0 | ||
| 948 | _c04/03/1997 | ||
| 999 |
_c14585 _d14585 |
||